000 00436pab a2200169 454500
008 180718b2008 xxu||||| |||| 00| 0 eng d
100 _aKim, Sangmook
245 _aWomen and family-friendly policies in the Korean government
260 _c2008
300 _ap.463-76.
362 _aSep
650 _aWomen - Korea
650 _aWomen
773 _aInternational Review of Administrative Sciences
908 _aN
909 _a80038
999 _c80038
_d80038